| 000 | 00555nam a22002297a 4500 | ||
|---|---|---|---|
| 001 | 135 | ||
| 003 | FISKH | ||
| 005 | 20230228151705.0 | ||
| 008 | 230228b cb ||||| |||| 00| 0 eng d | ||
| 020 | _a9780439929509 | ||
| 040 |
_aFISKH _beng _cFISKH |
||
| 050 | _aPZ7.G8619 | ||
| 082 | _a479 | ||
| 100 | _aGregory, Kristiana | ||
| 245 |
_aThe secret of robber's cave _cby Kristiana Gregory |
||
| 260 |
_aNew York _bScholastic _c2008 |
||
| 300 |
_a174 p. _c20 cm. |
||
| 505 | _aK | ||
| 521 | 8 |
_a570 _bLexile |
|
| 521 | 8 |
_aK _bRaz-Plus |
|
| 942 |
_2ddc _cBK _n0 |
||
| 999 |
_c135 _d135 |
||